000 03341cam a2200457 a 4500
001 10612450
003 CaAEU
005 20250915105421.0
006 m o d
007 cr un|---aucuu
008 250116s2025 sz o 000 0 eng d
020 _a9783031757174
_q(electronic bk.)
020 _a3031757173
_q(electronic bk.)
020 _z3031757165
020 _z9783031757167
024 7 _a10.1007/978-3-031-75717-4
_2doi
035 _aon1483003669
039 _aexclude
040 _aYDX
_beng
_cYDX
_dGW5XE
_dUKKRT
_dEBLCP
_dOCLCO
_dN$T
_dAEU
041 _aEnglish
050 4 _aK3240
090 _aInternet Access
_bAEU
245 0 0 _aExploring corporate human rights responsibilities in OECD case law
_c/ Otgontuya Davaanyam, Markus Krajewski, editors.
260 _aCham :
_bSpringer,
_c2025.
300 _a1 online resource
338 _aonline resource
_bcr
_2rdacarrier
490 1 _aInterdisciplinary studies in human rights ;
_vv. 14
520 _aThis open access book consolidates a collection of scholarly papers presented at the academic conference titled "Corporate Human Rights Responsibility in OECD Case Law: Actors, Issues, Responsibilities, and Remedies", held on 4 and 5 May 2023. The conference was organized by the OECD Case Law Project at Friedrich-Alexander-Universitt Erlangen-Nrnberg. The book is divided into three sections. The first examines how NCP cases interpret corporate responsibilities, including financial institutions, on human rights and environmental issues, focusing on climate change and conflict-affected zones. It also highlights how OECD cases address corporate accountability and its impact on the revised OECD Guidelines and the EU Corporate Sustainability Due Diligence Directive (CSDDD). The second section critically evaluates the NCP mechanism's effectiveness, assessing whether it provides substantive remedies and how well NCP mediation resolves disputes. It offers both quantitative and qualitative analysis of the grievance processes in line with UNGP effectiveness criteria. The third section explores the NCPs role in global corporate responsibility frameworks, particularly its potential influence on shaping mandatory due diligence obligations through frameworks like the CSDDD, reinforcing corporate accountability in international business practices. Additionally, the book offers key recommendations for policymakers, NCP experts, and practitioners on improving the NCP system to ensure more meaningful outcomes for human rights violations.
588 0 _aOnline resource; title from PDF title page (SpringerLink, viewed January 23, 2025).
650 0 _aHuman rights
_vCase studies.
650 0 _aCivil rights of corporations
_vCase studies.
650 0 _aSocial responsibility of business
_vCase studies.
700 _aDavaanyam, Otgontuy.
_925875
700 _aKrajewski, Markus,
_d1969-
_1https://id.oclc.org/worldcat/entity/E39PBJrrwkbgFKqKmvQVCy7rbd
830 0 _aInterdisciplinary studies in human rights ;
_vv. 14.
856 4 0 _3Free Access
_uhttps://link.springer.com/book/10.1007/978-3-031-75717-4
_zfrom Springer Open Access
856 4 0 _3Free Access
_uhttps://directory.doabooks.org/handle/20.500.12854/150083
_zfrom Directory of Open Access Books
942 _2lcc
949 _hUAIN
_mNEOS_FREE
_zSPRINGEROA
949 _hUAIN
_zSPRINGEROA
999 _c4941
_d4941